|
|
|
|
| LEADER |
00000naa2a2200000 4500 |
| 001 |
394771 |
| 005 |
20231101064533.0 |
| 035 |
|
|
|a (RuTPU)RU\TPU\prd\31701
|
| 090 |
|
|
|a 394771
|
| 100 |
|
|
|a 20050114a2004 k y0rusy50 ca
|
| 101 |
0 |
|
|a rus
|
| 102 |
|
|
|a RU
|
| 200 |
1 |
|
|a Международная программа ISP-46 и моделирование аварийных процессов на ЯЭУ на основе кода ATHLET-CD
|f И. Клайнхитпасс, М. К. Кох
|g Пер. В. А. Бронников
|
| 225 |
1 |
|
|a Переводы
|
| 320 |
|
|
|a Библиогр.: 6 назв.
|
| 461 |
|
1 |
|0 (RuTPU)RU\TPU\prd\1300
|x 0320-9326
|t Атомная техника за рубежом
|o научно-технический журнал
|f Росатом; Государственная корпорация по атомной энергии; Ядерное общество России (ЯОР)
|d 1957-
|
| 463 |
|
1 |
|0 (RuTPU)RU\TPU\prd\30450
|t № 10
|v С. 28-35
|d 2004
|
| 610 |
1 |
|
|a ядерные энергетические установки
|
| 610 |
1 |
|
|a тяжелые аварии
|
| 610 |
1 |
|
|a международная программ ISP-46
|
| 610 |
1 |
|
|a стенд PHEBUS
|
| 610 |
1 |
|
|a Франция
|
| 610 |
1 |
|
|a Кадараш
|
| 610 |
1 |
|
|a интегральный эксперимент FPT-1
|
| 610 |
1 |
|
|a моделирование аварий
|
| 610 |
1 |
|
|a ATHLET-CD
|
| 675 |
|
|
|a 621.039.586
|v 3
|
| 700 |
|
1 |
|a Клайнхитпасс
|b И.
|
| 701 |
|
1 |
|a Кох
|b М. К.
|
| 702 |
|
1 |
|a Бронников
|b В. А.
|4 730
|
| 801 |
|
1 |
|a RU
|b 63413507
|c 20050114
|g PSBO
|
| 801 |
|
2 |
|a RU
|b 63413507
|c 20120420
|g RCR
|
| 942 |
|
|
|c BK
|